Six glorious epochs of Indian history (Record no. 374955)

000 -LEADER
fixed length control field 00412cam a22001337a 4500
008 - FIXED-LENGTH DATA ELEMENTS--GENERAL INFORMATION
fixed length control field 180718b1971 xxu||||| |||| 00| 0 eng d
082 ## - DEWEY DECIMAL CLASSIFICATION NUMBER
Classification number A6x54 Sa93
100 ## - MAIN ENTRY--PERSONAL NAME
Personal name Savarkar, Vinayak Damodar
245 ## - TITLE STATEMENT
Title Six glorious epochs of Indian history
Statement of responsibility, etc. by Vinayak Damodar Savarkar
260 ## - PUBLICATION, DISTRIBUTION, ETC.
Place of publication, distribution, etc. New Delhi
Name of publisher, distributor, etc. Rajdhani Granthagar
Date of publication, distribution, etc. 1971
300 ## - PHYSICAL DESCRIPTION
Extent 568p.
500 ## - GENERAL NOTE
General note Original ed. 1963; Rs.35.00
650 ## - SUBJECT ADDED ENTRY--TOPICAL TERM
Topical term or geographic name entry element India - History
Holdings
Withdrawn status Lost status Damaged status Not for loan Permanent Location Current Location Date acquired Full call number Barcode Date last seen Price effective from Koha item type
        Indian Institute of Public Administration Indian Institute of Public Administration 1994-06-30 A6x54 Sa93 45667 2018-07-21 2018-07-21 Book

Powered by Koha